Amore, romanzi e altre scoperte /

Mario Fortunato ha raccolto in questo libro una personale antologia del secolo che sta finendo. Ogni brano scelto è preceduto e seguito dalla storia di un ragazzo, prima adolescente e poi alle soglie della maturità, che scoprendo l'amore per i libri scopre se stesso e la vita. Lungo l'arco degli ann...

Descripció completa

Guardat en:
Dades bibliogràfiques
Autor principal: Fortunato, Mario, (1958- ) (Autor)
Format: Llibre
Idioma:italià
Publicat: Torino : Einaudi, 1999
Col·lecció:Einaudi tascabili ; 593
Etiquetes: Afegir etiqueta
Sense etiquetes, Sigues el primer a etiquetar aquest registre!

MARC

LEADER 00000nam a22000007i 4500
001 IT\ICCU\RAV\0329207
003 ItRI
005 20260217151219.0
008 990302s1999 it |||||| ||||| |||||c
015 |2 IT  |a 99-8775 
020 |a 880615141X 
040 |b ita  |c C 
041 7 |a ita  |2 ISO-639-2 
082 |a 853.914  |2 20 
100 1 |a Fortunato, Mario,  |d  (1958- )  |0 IT\ICCU\CFIV\082841  |4 aut 
245 1 0 |a Amore, romanzi e altre scoperte /  |c Mario Fortunato. 
260 |a Torino :  |b Einaudi,  |c 1999 
300 |a 206 p. ;  |c 20 cm 
520 |a Mario Fortunato ha raccolto in questo libro una personale antologia del secolo che sta finendo. Ogni brano scelto è preceduto e seguito dalla storia di un ragazzo, prima adolescente e poi alle soglie della maturità, che scoprendo l'amore per i libri scopre se stesso e la vita. Lungo l'arco degli anni Settanta e dei primi Ottanta, seguiamo così un'educazione sentimentale che fa i conti con l'Italia del tempo, con i primi turbamenti sessuali, gli amori, la politica. Dalla cronaca della rivelazione che la lettura della Recherche produce nel narratore al ricordo della breve, intensa amicizia con Tondelli, Mario Fortunato ci consegna in queste pagine una sorte di ideale autobiografia del lettore da giovane. 
830 0 |a Einaudi tascabili ;  |v 593  |0 IT\ICCU\CFI\0163201 
942 |2 ddc  |c BK 
952 |0 0  |1 0  |2 ddc  |4 0  |6 853_914000000000000_FOR_AMO  |7 1  |9 209  |a GE  |b GE  |d 2015-02-08  |l 0  |o 853.914 FOR AMO  |p 1571  |r 2023-11-14 09:47:41  |w 2023-11-14  |y BK 
952 |0 0  |1 0  |2 ddc  |4 0  |6 B_LNR02FORMAAMO11  |7 0  |9 6382  |a MI  |b MI  |d 2007-03-21  |i 4100  |l 0  |o B-LNR02-FORMA-AMO11  |p CDOM4100  |r 2025-07-13 16:28:16  |w 2025-07-13  |y BK 
952 |0 0  |1 0  |2 ddc  |4 0  |6 B_LNR02FORMAAMO12  |7 0  |9 6383  |a MI  |b MI  |d 2014-02-11  |i 6615  |l 0  |o B-LNR02-FORMA-AMO12  |p CDOM6615  |r 2025-07-13 16:28:16  |w 2025-07-13  |x DONO  |y BK 
952 |0 0  |1 0  |4 0  |6 DOC_853_914000000000000_FOR  |7 0  |9 14831  |a BO  |b BO  |d 2026-01-15  |i 5366  |l 0  |o DOC 853.914 FOR  |p BO5366  |r 2026-01-15 23:18:54  |w 2026-01-15  |x [Sebina 5] [1 v.]  |y BK  |z 1 v. 
952 |0 0  |1 0  |4 0  |6 DOC_853_914000000000000_FOR  |7 0  |9 14832  |a BO  |b BO  |d 2026-01-15  |i 8101  |l 0  |o DOC 853.914 FOR  |p BO8101  |r 2026-01-15 23:18:54  |w 2026-01-15  |x [Sebina 5] [1 v.]  |y BK  |z 1 v. 
999 |c 764  |d 764